000 01040nam a2200337 a 4500
003 AR-BaBNM
005 20251128210040.0
008 082120s2002 ||||||||||||||000 | spa||
020 _a968-24-4460-8
040 _cAR-BaBNM
100 1 _aAlanis Huerta, Antonio
245 0 0 _aFormación de formadores
_bfundamentos para el desarrollo de la investigación y la docencia
250 _a1ª ed.
260 _aMéxico, D.F.
_bTrillas
_c1993
300 _a104 p.
500 _aContiene índice analítico p.99-104
500 _aContiene índice de contenidos p. 9-10
504 _aContiene bibliografía p. 99-100
650 4 _aEDUCACION DE ADULTOS
650 4 _aEDUCACION PERMANENTE
650 4 _aOBJETIVOS DE LA FORMACION
650 4 _aFORMACION DE DOCENTES
653 _aINVESTIGACION ACCION
653 _aINVESTIGACION ACCION
653 _aFORMACION DE FORMADORES
653 _aREFLEXION SOBRE LA PRACTICA
653 _aINVESTIGACION EDUCATIVA
653 _aCAPACITACION DOCENTE
942 _cBK
998 _cRaquel
999 _c13821
_d13821